A kábító hatású szerek fogyasztásának büntetőjogi vetületei

Elmentve itt :
Bibliográfiai részletek
Szerző: Tóth Zsuzsanna Ilona
További közreműködők: Nagy Ferenc (Témavezető)
Dokumentumtípus: Szakdolgozat
Megjelent: 1988-11-03
Tárgyszavak:
Online Access:http://diploma.bibl.u-szeged.hu/21844
LEADER 00602nta a2200157 i 4500
001 dipl21844
005 20130314080918.0
008 111123s1988 hu om 0|| zxx d
040 |a SZTE Diploma Repozitórium  |b hun 
041 |a zxx 
100 1 |a Tóth Zsuzsanna Ilona 
245 1 2 |a A kábító hatású szerek fogyasztásának büntetőjogi vetületei  |h [elektronikus dokumentum] /  |c Zsuzsanna Ilona Tóth 
260 |c 1988-11-03 
650 4 |a Jogi és igazgatási tanulmányok 
700 1 |a Nagy Ferenc  |e ths 
856 4 0 |u http://diploma.bibl.u-szeged.hu/id/eprint/21844/1/1988_toth_zsuzsanna_ilona.pdf  |z Dokumentum-elérés